000 00344nam a22001457a 4500
003 OSt
005 20140310182135.0
008 130829t xxu||||| |||| 00| 0 eng d
050 _aPE 1449
_b.Ad244 1994
082 _aHS 428
_bAd9 1994
245 _aAdvanced English vocabulary
300 _a160 p. :
_c22 cm.
942 _2lcc
_cHS
999 _c9752
_d9752